[Event "Hamburg Harburg - ch 3rd Gr.A"]
[Site "Hamburg"]
[Date "2005.06.24"]
[Round "1.1"]
[White "Cording, Harm"]
[Black "Reddmann, Hauke"]
[Result "0-1"]
[WhiteElo "2284"]
[BlackElo "2344"]
[PlyCount "64"]
[EventDate "2005.06.24"]
[Source "SK Marmstorf"]
[SourceDate "2005.06.26"]

1. d4 Nf6 2. Nf3 e6 3. e3 b6 4. Bd3 Ba6 5. c4 c5 6. O-O Nc6 7. b3 Be7 8. Bb2
O-O 9. Nbd2 Rc8 10. Rc1 cxd4 11. exd4 d5 12. Qe2 Re8 13. Rfd1 dxc4 14. bxc4 Nb4
15. Bb1 Nbd5 16. Ne5 Nf4 17. Qf3 Ng6 18. Ne4 Rc7 19. Nc6 Qd7 20. d5 Nxe4 21.
Nxe7+ Qxe7 22. Bxe4 exd5 23. Bxd5 Kh8 24. Qg3 Rcc8 25. Ba3 Qd7 26. h4 Qf5 27.
Rd4 f6 28. Rg4 Re2 29. Bd6 Rce8 30. f3 Qd3 31. Bf7 Qe3+ 32. Kh1 Qxc1+ 0-1

[Event "Hamburg Harburg - ch 3rd Gr.A"]
[Site "Hamburg"]
[Date "2005.06.24"]
[Round "1.2"]
[White "Bach, Matthias"]
[Black "Hebbinghaus, Holger"]
[Result "1-0"]
[WhiteElo "2266"]
[BlackElo "2320"]
[PlyCount "81"]
[EventDate "2005.06.24"]
[Source "SK Marmstorf"]
[SourceDate "2005.06.26"]

1. d4 d5 2. c4 Nc6 3. Nf3 Bg4 4. cxd5 Bxf3 5. gxf3 Qxd5 6. e3 e5 7. Nc3 Bb4 8.
Bd2 Bxc3 9. bxc3 Qd6 10. Bg2 Nge7 11. O-O O-O 12. Rb1 b6 13. f4 exf4 14. e4
Rad8 15. Qh5 Qg6 16. Qf3 Rxd4 17. Bxf4 Rd7 18. Kh1 f5 19. exf5 Qxf5 20. Bh3 Rd3
21. Bxf5 Rxf3 22. Be6+ Kh8 23. Bxc7 Rxf2 24. Rxf2 Rxf2 25. Rd1 h6 26. Rd7 Re2
27. Bb3 Nf5 28. Rf7 Ne3 29. h4 Na5 30. Rf8+ Kh7 31. Bg8+ Kg6 32. Bf7+ Kf6 33.
Bh5+ Ke7 34. Bd6+ Kxd6 35. Bxe2 Nd5 36. c4 Nc3 37. Bf1 Ke6 38. Ra8 g5 39. h5
Nxa2 40. Rxa7 Kd6 41. Rh7 1-0

[Event "Hamburg Harburg - ch 3rd Gr.A"]
[Site "Hamburg"]
[Date "2005.06.24"]
[Round "1.3"]
[White "Hawellek, Jeronimo"]
[Black "Huschenbeth, Niclas"]
[Result "1-0"]
[WhiteElo "2236"]
[BlackElo "2115"]
[PlyCount "51"]
[EventDate "2005.06.24"]
[Source "SK Marmstorf"]
[SourceDate "2005.06.26"]

1. d4 d5 2. c4 c6 3. Nf3 Nf6 4. Nc3 a6 5. e3 b5 6. b3 Bg4 7. Bd3 e6 8. O-O Nbd7
9. a3 Be7 10. h3 Bh5 11. Re1 e5 12. cxd5 exd4 13. exd4 Nxd5 14. Nxd5 cxd5 15.
Qe2 Nf8 16. Qe5 Bxf3 17. Qxg7 Kd7 18. Qxh8 Bf6 19. Qg8 Bh5 20. g4 Bxd4 21. gxh5
Qf6 22. Ra2 Ng6 23. Qxa8 Qf3 24. Qe8+ Kc7 25. Rc2+ Kb7 26. Qd7+ 1-0

[Event "Hamburg Harburg - ch 3rd Gr.A"]
[Site "Hamburg"]
[Date "2005.06.25"]
[Round "2.1"]
[White "Reddmann, Hauke"]
[Black "Huschenbeth, Niclas"]
[Result "1/2-1/2"]
[WhiteElo "2344"]
[BlackElo "2115"]
[PlyCount "49"]
[EventDate "2005.06.24"]
[Source "SK Marmstorf"]
[SourceDate "2005.06.26"]

1. d4 d5 2. Bf4 Nf6 3. e3 g6 4. c4 c6 5. Nc3 a6 6. Nf3 Bg7 7. h3 O-O 8. Qb3 Qa5
9. Ne5 Nbd7 10. Nxd7 Nxd7 11. cxd5 c5 12. Rd1 cxd4 13. exd4 Nf6 14. Be2 Rd8 15.
Bf3 b5 16. O-O Ra7 17. a3 Rad7 18. Rfe1 Bb7 19. Re3 Qb6 20. Be5 Nxd5 21. Nxd5
Bxd5 22. Bxd5 Rxd5 23. Bxg7 Kxg7 24. Rxe7 Qf6 25. Re4 1/2-1/2

[Event "Hamburg Harburg - ch 3rd Gr.A"]
[Site "Hamburg"]
[Date "2005.06.25"]
[Round "2.2"]
[White "Hebbinghaus, Holger"]
[Black "Hawellek, Jeronimo"]
[Result "1/2-1/2"]
[WhiteElo "2320"]
[BlackElo "2236"]
[PlyCount "58"]
[EventDate "2005.06.24"]
[Source "SK Marmstorf"]
[SourceDate "2005.06.26"]

1. c4 Nf6 2. Nc3 c5 3. Nf3 e6 4. g3 b6 5. Bg2 Bb7 6. O-O Be7 7. Re1 d6 8. e4 a6
9. d4 cxd4 10. Nxd4 Qc7 11. Be3 O-O 12. Rc1 Nbd7 13. f4 Rfe8 14. Bf2 Bf8 15. g4
g6 16. Bf3 h6 17. b3 Rad8 18. Nd5 exd5 19. cxd5 Qb8 20. Nc6 Qa8 21. Nxd8 Rxd8
22. Bh4 Rc8 23. Qd2 Bg7 24. Rxc8+ Bxc8 25. e5 Ne8 26. e6 fxe6 27. Rxe6 Ndf6 28.
Re7 Bf8 29. Re1 Bd7 1/2-1/2

[Event "Hamburg Harburg - ch 3rd Gr.A"]
[Site "Hamburg"]
[Date "2005.06.25"]
[Round "2.3"]
[White "Cording, Harm"]
[Black "Bach, Matthias"]
[Result "0-1"]
[WhiteElo "2284"]
[BlackElo "2266"]
[PlyCount "52"]
[EventDate "2005.06.24"]
[Source "SK Marmstorf"]
[SourceDate "2005.06.26"]

1. d4 Nf6 2. c4 c5 3. d5 e6 4. Nc3 exd5 5. cxd5 d6 6. e4 g6 7. f4 Bg7 8. Nf3
O-O 9. Be2 Bg4 10. O-O Nbd7 11. h3 Bxf3 12. Bxf3 Re8 13. Re1 Qa5 14. a4 c4 15.
Re2 Nc5 16. g4 Nd3 17. h4 Nd7 18. h5 N7c5 19. Rb1 Nxc1 20. Qxc1 Nxa4 21. Nxa4
Qxa4 22. hxg6 hxg6 23. f5 Rac8 24. fxg6 fxg6 25. Qg5 Re5 26. Qxg6 Rf8 0-1

[Event "Hamburg Harburg - ch 3rd Gr.A"]
[Site "Hamburg"]
[Date "2005.06.25"]
[Round "3.1"]
[White "Bach, Matthias"]
[Black "Reddmann, Hauke"]
[Result "1-0"]
[WhiteElo "2266"]
[BlackElo "2344"]
[PlyCount "83"]
[EventDate "2005.06.24"]
[Source "SK Marmstorf"]
[SourceDate "2005.06.26"]

1. d4 Nf6 2. c4 e6 3. g3 Bb4+ 4. Bd2 a5 5. Bg2 O-O 6. Nf3 Ne4 7. a3 Bxd2+ 8.
Nfxd2 Nxd2 9. Qxd2 a4 10. O-O d6 11. Nc3 Qd7 12. Rad1 Nc6 13. Qc2 Ne7 14. e4
Ra5 15. c5 dxc5 16. d5 exd5 17. exd5 b6 18. Rfe1 Ng6 19. h4 Re8 20. h5 Nf8 21.
h6 Rxe1+ 22. Rxe1 Qf5 23. Qe2 Bd7 24. Ne4 Ra8 25. Qd2 Re8 26. Qc3 f6 27. f4 Qg6
28. hxg7 Kxg7 29. d6 c6 30. Kf2 h6 31. g4 Nh7 32. Bf3 Kf8 33. f5 Qf7 34. Qc2
Qb3 35. Qxb3 axb3 36. Nd2 Rxe1 37. Kxe1 Ng5 38. Kf2 h5 39. gxh5 Nxf3 40. Kxf3
Bxf5 41. Kf4 Bh7 42. Nxb3 1-0

[Event "Hamburg Harburg - ch 3rd Gr.A"]
[Site "Hamburg"]
[Date "2005.06.25"]
[Round "3.2"]
[White "Hawellek, Jeronimo"]
[Black "Cording, Harm"]
[Result "1/2-1/2"]
[WhiteElo "2236"]
[BlackElo "2284"]
[PlyCount "39"]
[EventDate "2005.06.24"]
[Source "SK Marmstorf"]
[SourceDate "2005.06.26"]

1. d4 Nf6 2. c4 e6 3. Nf3 Bb4+ 4. Bd2 Qe7 5. g3 Bxd2+ 6. Qxd2 d6 7. Nc3 O-O 8.
Bg2 Re8 9. O-O a5 10. e4 e5 11. h3 c6 12. Rfe1 Qc7 13. Rad1 Bd7 14. c5 exd4 15.
Qxd4 dxc5 16. Qxc5 Na6 17. Qg5 h6 18. Qc1 Be6 19. Nd4 Rad8 20. Nxe6 1/2-1/2

[Event "Hamburg Harburg - ch 3rd Gr.A"]
[Site "Hamburg"]
[Date "2005.06.25"]
[Round "3.3"]
[White "Huschenbeth, Niclas"]
[Black "Hebbinghaus, Holger"]
[Result "1/2-1/2"]
[WhiteElo "2115"]
[BlackElo "2320"]
[PlyCount "128"]
[EventDate "2005.06.24"]
[Source "SK Marmstorf"]
[SourceDate "2005.06.26"]

1. e4 d5 2. exd5 Qxd5 3. Nc3 Qd6 4. d4 Nf6 5. Nf3 a6 6. Be2 b5 7. O-O Bb7 8.
Ne5 e6 9. Bf3 c6 10. Bf4 Qd8 11. a3 Be7 12. b4 Nd5 13. Ne2 Nd7 14. Nd3 O-O 15.
c3 Nxf4 16. Nexf4 Qc7 17. Ne2 a5 18. a4 bxa4 19. Rxa4 axb4 20. cxb4 Rxa4 21.
Qxa4 Bd6 22. g3 Nb6 23. Qc2 Nd5 24. Bxd5 exd5 25. Rc1 Ba6 26. Nc5 Bc4 27. Nc3 {
(=)} 27... Re8 28. Qa4 h5 29. Qa5 Qe7 30. Qb6 h4 31. Qxc6 h3 32. N5e4 Bxb4 33.
Re1 Rd8 34. Re3 Qa7 35. Re1 dxe4 36. Qxc4 Qxd4 (36... Qa3 $19) 37. Qxd4 Rxd4
38. Ne2 Rd3 39. Rb1 g5 40. g4 Bc5 41. Ng3 e3 42. fxe3 Bxe3+ 43. Kf1 Bf4 44. Kf2
Bxg3+ 45. hxg3 Rd2+ 46. Kf3 h2 47. Ra1 Kg7 48. Rb1 Kf6 49. Ra1 Ke5 50. Ra5+ Kd4
51. Ra4+ Kc3 52. Ra1 Rd6 53. Kg2 Rh6 54. Kh1 Kd3 55. Rf1 f6 56. Rf2 Ke4 57. Rf1
Ke3 58. Rf5 Ke2 59. Ra5 Kf3 60. Rxg5 Kxg3 61. Rh5 Rg6 62. Rg5 Rh6 63. Rh5 Rg6
64. Rg5 fxg5 1/2-1/2

[Event "Hamburg Harburg - ch 3rd Gr.A"]
[Site "Hamburg"]
[Date "2005.06.26"]
[Round "4.1"]
[White "Reddmann, Hauke"]
[Black "Hebbinghaus, Holger"]
[Result "1/2-1/2"]
[WhiteElo "2344"]
[BlackElo "2320"]
[PlyCount "28"]
[EventDate "2005.06.24"]
[Source "SK Marmstorf"]
[SourceDate "2005.06.26"]

1. d4 d5 2. Bf4 Nf6 3. e3 e6 4. Nf3 c5 5. c3 Nc6 6. Nbd2 Bd6 7. dxc5 Bxc5 8.
Bb5 O-O 9. O-O Qb6 10. Qa4 Bd7 11. b4 Be7 12. a3 a5 13. Bxc6 Bxc6 14. Qb3 Rfc8
1/2-1/2

[Event "Hamburg Harburg - ch 3rd Gr.A"]
[Site "Hamburg"]
[Date "2005.06.26"]
[Round "4.2"]
[White "Cording, Harm"]
[Black "Huschenbeth, Niclas"]
[Result "0-1"]
[WhiteElo "2284"]
[BlackElo "2115"]
[PlyCount "98"]
[EventDate "2005.06.24"]
[Source "SK Marmstorf"]
[SourceDate "2005.06.26"]

1. d4 d5 2. c4 c6 3. Nc3 Nf6 4. Bg5 Ne4 5. Nxe4 dxe4 6. Qd2 h6 7. Bh4 g5 8. Bg3
Bg7 9. e3 e5 10. Bxe5 Bxe5 11. dxe5 Qxd2+ 12. Kxd2 Be6 13. f4 exf3 14. Nxf3 g4
15. Nd4 Nd7 16. Nxe6 fxe6 17. Be2 Nxe5 18. Rhf1 O-O-O+ 19. Kc3 c5 20. Rf4 Rdg8
21. Rd1 h5 22. Rf6 Rg6 23. Rxg6 Nxg6 24. Kd3 Rf8 25. Rf1 Rxf1 26. Bxf1 Kd7 27.
Ke4 Ke7 28. Be2 Kf6 29. g3 Ne5 30. b3 Nf7 31. Kf4 Ng5 32. e4 Nh3+ 33. Ke3 Ke5
34. Bf1 Ng5 35. Bg2 Nf7 36. h3 Nd6 37. hxg4 hxg4 38. Kd3 a5 39. Bh1 Ne8 40. Ke3
Nf6 41. Bg2 b6 42. Bf1 Nxe4 43. Be2 Nxg3 44. Bxg4 Nf5+ 45. Kd3 Kf4 46. Bh3 e5
47. Bg2 Nd6 48. a3 e4+ 49. Kc2 Kg3 0-1

[Event "Hamburg Harburg - ch 3rd Gr.A"]
[Site "Hamburg"]
[Date "2005.06.26"]
[Round "4.3"]
[White "Bach, Matthias"]
[Black "Hawellek, Jeronimo"]
[Result "0-1"]
[WhiteElo "2266"]
[BlackElo "2236"]
[PlyCount "78"]
[EventDate "2005.06.24"]
[Source "SK Marmstorf"]
[SourceDate "2005.06.26"]

1. d4 Nf6 2. c4 e6 3. g3 c5 4. Nf3 cxd4 5. Nxd4 Nc6 6. Bg2 Qb6 7. Nc2 Be7 8.
Nc3 O-O 9. O-O d6 10. b3 a6 11. e4 Qc7 12. Qe2 b6 13. Rd1 Bb7 14. Bb2 Rad8 15.
Ne3 Ne5 16. Rd2 Rfe8 17. Rad1 Ned7 18. f4 Bf8 19. Ng4 Nxg4 20. Qxg4 b5 21. cxb5
axb5 22. Kh1 Qa5 23. Qg5 Nc5 24. Rd4 b4 25. Na4 f6 26. Qh5 e5 27. fxe5 dxe5 28.
Rd5 Bxd5 29. exd5 Nxa4 30. bxa4 e4 31. Qf5 Qxa4 32. Ra1 Qc2 33. Bd4 Qd3 34. Bb6
Rxd5 35. Qg4 Rg5 36. Qh4 e3 37. Re1 Qc3 38. g4 Rxg4 39. Bd5+ Kh8 0-1

[Event "Hamburg Harburg - ch 3rd Gr.A"]
[Site "Hamburg"]
[Date "2005.06.26"]
[Round "5.1"]
[White "Hawellek, Jeronimo"]
[Black "Reddmann, Hauke"]
[Result "1-0"]
[WhiteElo "2236"]
[BlackElo "2344"]
[PlyCount "63"]
[EventDate "2005.06.24"]
[Source "SK Marmstorf"]
[SourceDate "2005.06.26"]

1. d4 f5 2. g3 Nf6 3. Bg2 e6 4. Nf3 Nc6 5. O-O Rb8 6. Ne5 Nxe5 7. dxe5 Ng4 8.
e4 Bc5 9. exf5 exf5 10. b4 Bb6 11. h3 Nxf2 12. Rxf2 Qe7 13. Qe1 O-O 14. c3
Bxf2+ 15. Qxf2 b6 16. Bd5+ Kh8 17. Bf4 Bb7 18. Bxb7 Rxb7 19. Nd2 c5 20. bxc5
bxc5 21. Nc4 Rfb8 22. Kg2 Qe6 23. Qxc5 Rb5 24. Qd4 Qc6+ 25. Kf2 Rd5 26. Qxa7
Ra8 27. Rb1 g5 28. Rb8+ Rxb8 29. Qxb8+ Kg7 30. Ne3 Rd2+ 31. Ke1 Qxc3 32. Nxf5+
1-0

[Event "Hamburg Harburg - ch 3rd Gr.A"]
[Site "Hamburg"]
[Date "2005.06.26"]
[Round "5.2"]
[White "Huschenbeth, Niclas"]
[Black "Bach, Matthias"]
[Result "1-0"]
[WhiteElo "2115"]
[BlackElo "2266"]
[PlyCount "95"]
[EventDate "2005.06.24"]
[Source "SK Marmstorf"]
[SourceDate "2005.06.26"]

1. e4 c5 2. Nf3 Nf6 3. Nc3 d5 4. exd5 Nxd5 5. Bb5+ Bd7 6. Ne5 Bxb5 7. Qf3 f6 8.
Nxb5 Na6 9. Qh5+ g6 10. Nxg6 hxg6 11. Qxh8 Qd7 12. Nc3 Qe6+ 13. Kf1 Ndb4 14.
Qh4 O-O-O 15. Qe4 Qd7 16. a3 f5 17. Qc4 Nxc2 18. Rb1 Nd4 19. b4 b5 20. Qf7 cxb4
21. axb4 Qc6 22. Kg1 e5 23. h4 Bxb4 24. Rh3 Bxc3 25. dxc3 Ne2+ 26. Kh2 Rd1 27.
Qa2 Ng1 28. Rg3 Nc7 29. Qg8+ Kb7 30. Rxg6 Qe4 31. Qh7 a6 (31... Qxb1 32. Rg7 a6
33. Rxc7+ Kb6 34. Rb7+ Ka5 35. Qg6) 32. Rg7 Qc4 33. Rb4 Qxc3 34. Bb2 Qc5 (34...
Qxb4 35. Rxc7+ Kb6 36. Bxe5) 35. Rxc7+ Qxc7 36. Qxc7+ Kxc7 37. Bxe5+ Kc6 38. h5
Rd5 39. f4 Ne2 40. h6 a5 41. h7 Rd8 42. Rb2 Nxf4 43. Bxf4 Rh8 44. Rc2+ Kd5 45.
Rc7 b4 46. Bc1 a4 47. Bb2 Rxh7+ 48. Rxh7 1-0

[Event "Hamburg Harburg - ch 3rd Gr.A"]
[Site "Hamburg"]
[Date "2005.06.26"]
[Round "5.3"]
[White "Hebbinghaus, Holger"]
[Black "Cording, Harm"]
[Result "1/2-1/2"]
[WhiteElo "2320"]
[BlackElo "2284"]
[PlyCount "25"]
[EventDate "2005.06.24"]
[Source "SK Marmstorf"]
[SourceDate "2005.06.26"]

1. e4 e6 2. d4 d5 3. Nd2 Nf6 4. e5 Nfd7 5. c3 c5 6. f4 Nc6 7. Ndf3 a5 8. Bd3
cxd4 9. cxd4 Nb6 10. Ne2 Nb4 11. Bb1 Bd7 12. Nc3 h5 13. O-O 1/2-1/2

[Event "Hamburg Harburg - ch 3rd Gr.B"]
[Site "Hamburg"]
[Date "2005.06.24"]
[Round "1.1"]
[White "Schoengart, Ralf"]
[Black "Gottuk, Stefan"]
[Result "0-1"]
[WhiteElo "2100"]
[BlackElo "2270"]
[PlyCount "38"]
[EventDate "2005.06.24"]
[Source "SK Marmstorf"]
[SourceDate "2005.06.26"]

1. d4 f5 2. e4 fxe4 3. Nc3 Nf6 4. Bg5 Nc6 5. Bxf6 exf6 6. d5 Ne5 7. Nxe4 f5 8.
Ng3 Qe7 9. Qe2 g6 10. O-O-O Ng4 11. Nh3 d6 12. Qb5+ Bd7 13. Qxb7 Bh6+ 14. Kb1
O-O 15. Qxc7 Rab8 16. Bd3 Rfc8 17. Qa5 Bg7 18. b3 Qf6 19. Kc1 Qb2+ 0-1

[Event "Hamburg Harburg - ch 3rd Gr.B"]
[Site "Hamburg"]
[Date "2005.06.24"]
[Round "1.2"]
[White "Tonndorf, Matthias"]
[Black "Juergens, Bernhard"]
[Result "0-1"]
[WhiteElo "2242"]
[BlackElo "2120"]
[PlyCount "66"]
[EventDate "2005.06.24"]
[Source "SK Marmstorf"]
[SourceDate "2005.06.26"]

1. e4 e6 2. c4 d5 3. exd5 exd5 4. d4 Bb4+ 5. Bd2 Bxd2+ 6. Qxd2 Ne7 7. Nf3 O-O
8. Be2 Nd7 9. O-O Nf6 10. Nc3 Bg4 11. h3 Bh5 12. g4 Bg6 13. Ne5 Ne4 14. Qe3
Nxc3 15. bxc3 Re8 16. f4 f6 17. Nxg6 Nxg6 18. Qd2 c6 19. Rab1 Re7 20. cxd5 Qxd5
21. Bf3 Qd6 22. Bh1 Rae8 23. Rf2 Re3 24. Rf3 Re2 25. Qd3 Nxf4 26. Qc4+ Nd5 27.
Bg2 b5 28. Qb3 Kh8 29. Rb2 Re1+ 30. Bf1 Ne3 31. Rbf2 Nxf1 32. Rxf1 R8e2 33.
Rxe1 Qh2+ 0-1

[Event "Hamburg Harburg - ch 3rd Gr.B"]
[Site "Hamburg"]
[Date "2005.06.24"]
[Round "1.3"]
[White "Dimke, Markus"]
[Black "Porth, Hartmut"]
[Result "1/2-1/2"]
[WhiteElo "2112"]
[BlackElo "2120"]
[PlyCount "47"]
[EventDate "2005.06.24"]
[Source "SK Marmstorf"]
[SourceDate "2005.06.26"]

1. e4 Nc6 2. Bc4 e6 3. c3 d5 4. exd5 exd5 5. Qe2+ Be6 6. Bb3 Nf6 7. d4 h6 8.
Bf4 Bd6 9. Bxd6 Qxd6 10. Nf3 O-O 11. O-O Rfe8 12. Qd3 Bg4 13. Nbd2 Qf4 14. Rfe1
a6 15. Bc2 Ne7 16. Qe3 Qxe3 17. Rxe3 Nf5 18. Rxe8+ Rxe8 19. Ne5 Nd6 20. Nxg4
Nxg4 21. Bd3 Kf8 22. h3 Nf6 23. Nf3 Nd7 24. Re1 1/2-1/2

[Event "Hamburg Harburg - ch 3rd Gr.B"]
[Site "Hamburg"]
[Date "2005.06.25"]
[Round "2.1"]
[White "Gottuk, Stefan"]
[Black "Porth, Hartmut"]
[Result "1/2-1/2"]
[WhiteElo "2270"]
[BlackElo "2120"]
[PlyCount "55"]
[EventDate "2005.06.24"]
[Source "SK Marmstorf"]
[SourceDate "2005.06.26"]

1. e4 Nc6 2. Nc3 e6 3. d4 d5 4. e5 Qd7 5. Nf3 f6 6. exf6 gxf6 7. Bf4 Bd6 8.
Bxd6 Qxd6 9. Qd2 a6 10. g3 Bd7 11. O-O-O O-O-O 12. Na4 e5 13. dxe5 Nxe5 14.
Nxe5 fxe5 15. Qa5 Bxa4 16. Qxa4 Ne7 17. Qb3 Rhf8 18. Qe3 Kb8 19. Bg2 Nf5 20.
Qd2 c6 21. Rhf1 Qh6 22. Qxh6 Nxh6 23. Rde1 Rde8 24. f3 Nf5 25. Bh3 Nd6 26. b3
Kc7 27. a4 Kb6 28. c3 1/2-1/2

[Event "Hamburg Harburg - ch 3rd Gr.B"]
[Site "Hamburg"]
[Date "2005.06.25"]
[Round "2.2"]
[White "Juergens, Bernhard"]
[Black "Dimke, Markus"]
[Result "1-0"]
[WhiteElo "2120"]
[BlackElo "2112"]
[PlyCount "105"]
[EventDate "2005.06.24"]
[Source "SK Marmstorf"]
[SourceDate "2005.06.26"]

1. e4 e5 2. Bc4 Nf6 3. d3 Nc6 4. Nc3 Bb4 5. Nge2 d5 6. exd5 Nxd5 7. O-O Nxc3 8.
bxc3 Bd6 9. Ng3 O-O 10. Qh5 Qd7 11. h3 Ne7 12. f4 b5 13. Bb3 Ng6 14. f5 Nf4 15.
Bxf4 exf4 16. f6 gxf6 17. Ne4 Qf5 18. Qxf5 Bxf5 19. Nxd6 cxd6 20. Rxf4 Be6 21.
Rxf6 d5 22. Rf3 Rfc8 23. d4 Rc7 24. a4 bxa4 25. Rxa4 Rac8 26. Kf2 Rxc3 27. Rxc3
Rxc3 28. Rxa7 Kg7 29. Ra5 Kf6 30. Rc5 Rxc5 31. dxc5 Ke5 32. Ke3 f5 33. g3 Bd7
34. c3 h6 35. Bc2 Bc6 36. Bd3 Bd7 37. Ba6 Bc6 38. h4 Ba4 39. Bb7 Bc2 40. c6 Kd6
41. Kd4 Ba4 42. Ba8 Bc2 43. Bb7 Ba4 44. c7 Kxc7 45. Bxd5 Kd6 46. c4 Bc2 47. c5+
Kc7 48. Ke5 Bd3 49. Be6 Kc6 50. Bxf5 Be2 51. Kd4 Bd1 52. Be4+ Kc7 53. Ke5 1-0

[Event "Hamburg Harburg - ch 3rd Gr.B"]
[Site "Hamburg"]
[Date "2005.06.25"]
[Round "2.3"]
[White "Schoengart, Ralf"]
[Black "Tonndorf, Matthias"]
[Result "0-1"]
[WhiteElo "2100"]
[BlackElo "2242"]
[PlyCount "124"]
[EventDate "2005.06.24"]
[Source "SK Marmstorf"]
[SourceDate "2005.06.26"]

1. d4 Nf6 2. c4 e6 3. Nc3 Bb4 4. e4 Nxe4 5. Qg4 Nxc3 6. Bd2 Nd5 7. cxd5 Bxd2+
8. Kxd2 O-O 9. Bd3 f5 10. Qf3 exd5 11. Qxd5+ Kh8 12. Nf3 d6 13. h4 c6 14. Qb3
d5 15. Rae1 Nd7 16. Ng5 Nf6 17. f3 Qd6 18. Kd1 Bd7 19. Re2 b6 20. Qc2 Nh5 21.
Re5 g6 22. Rhe1 Kg8 23. Qd2 Rae8 24. Bc2 Qf6 25. Qf2 f4 26. b4 Ng3 27. h5 Rxe5
28. Rxe5 Re8 29. hxg6 hxg6 30. Rxe8+ Bxe8 31. Nh3 Bd7 32. Ng1 Bf5 33. Bb3 Bd3
34. Nh3 Nf1 35. Qb2 Ne3+ 36. Kc1 Bf1 37. Nf2 Bxg2 38. Nd3 Bxf3 39. Ne5 Qh4 40.
Qc3 Qh1+ 41. Kb2 Qd1 42. Ka3 Qe2 43. Qxc6 Qa6+ 44. Kb2 Qe2+ 45. Ka3 Be4 46.
Qe8+ Kg7 47. Qf7+ Kh6 48. Qxf4+ g5 49. Qxe3 Qxe3 50. Ng4+ Kh5 51. Nxe3 g4 52.
Bxd5 Bxd5 53. Nxd5 Kg5 54. Ne3 g3 55. d5 Kf4 56. d6 (56. Ng2+ Ke5 57. Nh4 Kxd5
58. Nf5 g2 59. Ne3+ $18) 56... Kxe3 57. d7 g2 58. d8=Q g1=Q 59. Qe7+ Kd3 60.
Qd6+ Qd4 61. Qg3+ Qe3 62. Qd6+ (62. Qxe3+ Kxe3 63. b5 Kd4 64. Kb4 Kd5 65. a4
Kd4 66. a5 $11) 62... Kc4+ {Weiss beruehte die Dame.} 0-1

[Event "Hamburg Harburg - ch 3rd Gr.B"]
[Site "Hamburg"]
[Date "2005.06.25"]
[Round "3.1"]
[White "Tonndorf, Matthias"]
[Black "Gottuk, Stefan"]
[Result "1/2-1/2"]
[WhiteElo "2242"]
[BlackElo "2270"]
[PlyCount "145"]
[EventDate "2005.06.24"]
[Source "SK Marmstorf"]
[SourceDate "2005.06.26"]

1. e4 e6 2. d4 d5 3. Nc3 Bb4 4. exd5 exd5 5. Nf3 Ne7 6. a3 Bxc3+ 7. bxc3 b6 8.
Bd3 Bf5 9. O-O O-O 10. Bg5 f6 11. Bf4 Qd7 12. Re1 Bxd3 13. cxd3 Nbc6 14. Qa4
Rfd8 15. Kh1 Ng6 16. Bg3 Nce7 17. Qa6 Nf5 18. a4 h5 19. h4 Nxg3+ 20. fxg3 Ne7
21. Qb5 c6 22. Qb2 Re8 23. Qf2 Nf5 24. Ng1 Nh6 25. Nh3 Ng4 26. Qf3 Rxe1+ 27.
Rxe1 Re8 28. Re2 g6 29. Nf2 Rxe2 30. Qxe2 Nh6 31. Qf3 Qf5 32. Qe3 Nf7 33. Qe8+
Kg7 34. Kg1 c5 35. dxc5 bxc5 36. Qc6 d4 37. cxd4 cxd4 38. Ne4 Ne5 39. Qb7+ Qd7
40. Qa6 Qe7 41. a5 Ng4 42. Qc4 Qe5 43. Qc5 Qxc5 44. Nxc5 Kf7 45. Nb3 Ne5 46.
Nxd4 Nxd3 47. a6 Nb4 48. Nb5 Nc6 49. Kf2 Ke6 50. Ke3 Kf5 51. Kf3 Ne5+ 52. Kf2
Kg4 53. Nxa7 Nd3+ 54. Kg1 Nc5 55. Nc6 Nxa6 56. Kh2 Nc5 57. Ne7 g5 58. hxg5 fxg5
59. Nd5 Kf5 60. Ne3+ Ke4 61. Nf1 Nd7 62. Nd2+ Ke3 63. Nc4+ Kf2 64. Kh3 Nf6 65.
Ne5 Ne4 66. g4 h4 67. Nf3 Kf1 68. Nxg5 Nxg5+ 69. Kxh4 Ne4 70. g5 Nxg5 71. g4
Ne4 72. g5 Nxg5 73. Kxg5 1/2-1/2

[Event "Hamburg Harburg - ch 3rd Gr.B"]
[Site "Hamburg"]
[Date "2005.06.25"]
[Round "3.2"]
[White "Dimke, Markus"]
[Black "Schoengart, Ralf"]
[Result "1/2-1/2"]
[WhiteElo "2112"]
[BlackElo "2100"]
[PlyCount "151"]
[EventDate "2005.06.24"]
[Source "SK Marmstorf"]
[SourceDate "2005.06.26"]

1. e4 c6 2. d4 d5 3. f3 e6 4. Nc3 Bb4 5. Bf4 Nf6 6. e5 Nfd7 7. Be3 c5 8. a3
cxd4 9. Bxd4 Ba5 10. f4 Nc6 11. Nf3 O-O 12. Be2 Qc7 13. O-O Nxd4 14. Nxd4 Bxc3
15. bxc3 Qxc3 16. Kh1 Nb6 17. Rf3 Qc5 18. Rh3 Bd7 19. Bd3 g6 20. Nb3 Qe7 21. g4
f6 22. f5 exf5 23. gxf5 Bxf5 24. Bxf5 gxf5 25. Qh5 fxe5 26. Rg1+ Kh8 27. Nc5
Rf7 28. Nd3 Raf8 29. Re1 Nd7 30. Nf4 Rg8 31. Ng6+ Rxg6 32. Qxg6 Qf6 33. Qg2 Qc6
34. Rg3 Rf8 35. Rg7 Qe6 36. Rxd7 Qxd7 37. Rxe5 Re8 38. Qxd5 Qxd5+ 39. Rxd5 Re1+
40. Kg2 Re2+ 41. Kf3 Rxc2 42. Rd8+ Kg7 43. Rd7+ Kg6 44. Rxb7 Rc3+ 45. Kf4 Rxa3
46. h4 Ra4+ 47. Kg3 h6 48. Rb5 a5 49. Rb6+ Kh5 50. Rb5 Rg4+ 51. Kf3 Kxh4 52.
Rxa5 Kg5 53. Ra8 Rb4 54. Rg8+ Kf6 55. Rf8+ Kg6 56. Rg8+ Kf7 57. Rg1 Rb6 58. Kf4
Kf6 59. Rg8 Rb4+ 60. Kf3 h5 61. Rf8+ Ke6 62. Re8+ Kf7 63. Rh8 h4 64. Rh6 Kg7
65. Rh5 Kf6 66. Rh8 h3 67. Kg3 Rb3+ 68. Kf4 Kg7 69. Rh5 Kg6 70. Rh8 Ra3 71.
Rg8+ Kh7 72. Rg1 h2 73. Rh1 Ra2 74. Kxf5 Kh6 75. Kg4 Kg6 76. Kg3 1/2-1/2

[Event "Hamburg Harburg - ch 3rd Gr.B"]
[Site "Hamburg"]
[Date "2005.06.25"]
[Round "3.3"]
[White "Porth, Hartmut"]
[Black "Juergens, Bernhard"]
[Result "1/2-1/2"]
[WhiteElo "2120"]
[BlackElo "2120"]
[PlyCount "20"]
[EventDate "2005.06.24"]
[Source "SK Marmstorf"]
[SourceDate "2005.06.26"]

1. e4 e6 2. g3 d5 3. Nc3 dxe4 4. Nxe4 Nf6 5. Nxf6+ Qxf6 6. d4 Bd6 7. Nf3 h6 8.
Bg2 O-O 9. O-O Nd7 10. Be3 e5 1/2-1/2

[Event "Hamburg Harburg - ch 3rd Gr.B"]
[Site "Hamburg"]
[Date "2005.06.26"]
[Round "4.1"]
[White "Gottuk, Stefan"]
[Black "Juergens, Bernhard"]
[Result "1/2-1/2"]
[WhiteElo "2270"]
[BlackElo "2120"]
[PlyCount "118"]
[EventDate "2005.06.24"]
[Source "SK Marmstorf"]
[SourceDate "2005.06.26"]

1. e4 e6 2. d3 d5 3. Nd2 Nf6 4. Ngf3 b6 5. e5 Nfd7 6. d4 c5 7. c3 Be7 8. a3 a5
9. b3 O-O 10. Bd3 Ba6 11. Nf1 Qc8 12. Bb2 Bxd3 13. Qxd3 Qa6 {(=)} 14. Qd2 Nc6
15. Ng3 cxd4 16. cxd4 Rac8 17. Ne2 Rc7 18. O-O Rfc8 19. Ne1 b5 20. f4 Qb6 21.
Kh1 f6 22. Rf3 fxe5 23. fxe5 Rf8 24. Qd3 Rxf3 25. Qxf3 Nf8 26. Rd1 Nb8 27. Qd3
b4 28. a4 Qa6 29. Qxa6 Nxa6 30. Rc1 Rxc1 31. Bxc1 Bd8 {(=)} 32. Nf3 Nb8 33. g4
Nc6 34. Kg2 Kf7 35. Kh3 Be7 36. Bg5 Bxg5 37. Nxg5+ Ke7 38. Kh4 h6 39. Nf3 g6
40. Nc1 Kf7 41. Nd3 Nd7 42. Kg3 Ke7 43. Kf2 Ke8 44. Ke3 Ke7 45. Nf4 Kf7 46. h3
Nf8 47. Kd3 Ke7 48. Ne1 Kf7 49. Nc2 Ke7 50. Ne3 Kd7 51. h4 Ne7 52. Neg2 Ke8 53.
Ke3 Kf7 54. Ne1 Nd7 55. Nf3 Nf8 56. Nd3 Nd7 57. Kf4 Nc6 58. Nf2 Nf8 59. Nh3 Nh7
1/2-1/2